00404 2200169 4500001002100000008004100021035002000062245004000082100001300122250000600135260003300141084001400174082000800188650001400196990001200210990001200222INLIS000000000001206 ind  a0010-0524000441 a1700 Bank Soal MatematikacAhmad Z. aAhmad Z. a1 aBandung :bYrama Widyac2010 a510 AHM b a510 aNon Fiksi a0713873 a0713874